| 000 | 00747nam a2200229Ia 4500 | ||
|---|---|---|---|
| 001 | 9720 | ||
| 003 | GE_BSU | ||
| 008 | 181216s||||||||xx |||||||||||||| ||und|| | ||
| 040 | _cGE_BSU | ||
| 080 | _a821.353.1-11 | ||
| 100 | _aნიშნიანიძე,შოთა | ||
| 245 | _aაქილევსის ქუსლი და ფარი | ||
| 245 | _bპოემა | ||
| 245 | _cრედ:მილიცა ჯაფარიძე;მხატვ:.სპ.ცინცაძე | ||
| 260 | _aთბილისი. | ||
| 260 | _bმერანი. | ||
| 260 | _c1971. | ||
| 300 | _a106გვ;20სმ | ||
| 653 | _aაქილევსის ქუსლი და ფარი | ||
| 653 | _aპოემა | ||
| 942 | _cBK | ||
| 999 |
_c43003 _d43003 |
||